000 00290nam a2200121 a 4500
001 4144
005 20140414131920.0
008 090317s19uu xx 00 eng d
050 _aER
_bC46 1995
100 _aMilne, A. A.
245 _aChristopher Robin gives pooh a party.
999 _c111697
_d111697